01051nas a2200253Ia 4500001001100000003000900011008004100020040001300061040001300074041001300087100004500100210001000145222001000155245009600165250001100261260004100272501008600313300001700399362003300416500026000449650003900709700002000748700002900768R455/G4929IT-RoPAU151124c99999999xx |||||||||||| ||und|| aIT-RoPAU cIT-RoPAU aITALIANO aPisarra PietrogCodice Aut. SPICS: 22366 aJESUS aJesus aJESUS, ANNO 22-N.08 (AGOSTO 2000)bNote Stonate Tra Cielo E Terra: la Musica Liturgica Oggi a1a ed. aALBA (CN)bPERIODICI SAN PAOLOc2000 bPaulus - SPICS - Società San Paolo EM (non-commercial uses only)cCopyright2015 a9 p. [51-59] aANNO 022, N.08 (AGOSTO 2000) aNecessaria una Fusione tra Antico e Nuovo che Tenga Ferme le Intuizioni Liturgiche del Vaticano Ii. Canto Nuovo Cercasi. Liturgia: Arazzo di Bibbia Musica e Vita: Intervista a Padre Andre' Gouzes. Necessario un Repertorio Musicalmente Corretto di A. Comuz aPASTORALEvPUBBLICAZIONE PERIODICA aComuzzi Alberto gCodice Aut. SPICS: 43762